| 000 | 00874nam a22002777a 4500 | ||
|---|---|---|---|
| 001 | 7558 | ||
| 003 | FISKH | ||
| 005 | 20250724095858.0 | ||
| 008 | 250724b cb ||||| |||| 00| 0 eng d | ||
| 020 | _a9781782090977 | ||
| 040 |
_aFISKH _beng _cFISKH _dFISKH |
||
| 082 | _a578.68 | ||
| 100 | _aJohnson, Jinny | ||
| 245 |
_aEndangered animals : _b20 incredible animals revealed _cBy Jinny Johnson |
||
| 250 | _aThis edition published in 2013 | ||
| 260 |
_aUK : _bMiles Kelly Publishing Ltd , _c2010. |
||
| 300 |
_a40 pages : _bcolor illustrations ; _c28 cm . |
||
| 490 | _aWild Nature | ||
| 505 | _aK | ||
| 520 | _aDiscover some of the rarest creatures on Earth through jaw-dropping facts and dramatic photos. | ||
| 521 | 8 |
_a510
_bLexile estimate |
|
| 521 | 8 |
_aK
_bRaz-Plus |
|
| 650 |
_aAnimals _vNon-fiction |
||
| 942 |
_2ddc _cBK _n0 |
||
| 999 |
_c7558 _d7558 |
||